|
|
|
|
| LEADER |
00929nam a2200229 i 4500 |
| 001 |
GR-MES133 |
| 003 |
GR-PaULI |
| 005 |
20241015091827.0 |
| 008 |
991111s1990 nyua g 001 b eng d |
| 020 |
|
|
|a 0231072031
|
| 040 |
|
|
|a GrPaTEI
|b gre
|c GR-PaULI
|e AACR2
|
| 082 |
0 |
4 |
|2 23
|a 594
|
| 100 |
1 |
|
|a Bliss, Dorothy E.
|9 206332
|e συγγραφέας.
|
| 245 |
1 |
0 |
|a Shrimps, lobsters and crabs /
|c Dorothy E. Bliss.
|
| 260 |
|
|
|a New York :
|b Columbia University Press,
|c c1990.
|
| 300 |
|
|
|a xvi, 242 σ. :
|b εικ. ;
|c 23 εκ.
|
| 504 |
|
|
|a Περιλαμβάνει βιβλιογραφία και ευρετήριο.
|
| 650 |
|
4 |
|a Μαλάκια
|9 147066
|
| 942 |
|
|
|2 ddc
|c BK
|
| 952 |
|
|
|0 0
|1 0
|2 ddc
|4 0
|6 594_000000000000000_BLI
|7 0
|9 263408
|a MSLG
|b MSLG
|c BSC
|d 2021-01-17
|e 24
|f 0
|g 0.00
|i 1209
|l 0
|o 594 BLI
|p 2420000001209
|r 2021-01-17 00:00:00
|t 1
|w 2021-01-17
|y BK15
|x 19991111 0 1
|x GrPaTEI
|
| 998 |
|
|
|c ΒΑΣΙΛΕΙΟΥ
|d 2024-10
|
| 999 |
|
|
|c 151620
|d 151620
|